000 00283nam a22001217a 4500
041 _aENG
100 _aChittenden .A.E
245 _aTropical Products Institute
260 _aLondon
_bTropical Products
_c1980
300 _a421
650 _aChemistry (40)
856 _uChemistry (40)
999 _c3007
_d3007